All Songs in Pentatonix's Evolution of Music - Statistics

General Stats
  • This quiz has been taken 5 times
  • The average score is 11 of 35
Answer Stats
Period Song Artist % Correct
1600s Canon in D Johann Pachelbel
67%
1950s I Walk the Line Johnny Cash
67%
11th century Salve Regina
67%
Thriller Michael Jackson
67%
1970s ABC Jackson 5
33%
2010s Baby Justin Bieber
33%
...Baby One More Time Britney Spears
33%
Barbara Ann Beach Boys
33%
1800s Beethoven's 5th Symphony Ludwig van Beethoven
33%
Bohemian Rhapsody Queen
33%
1940s Boogie Woogie Bugle Boy The Andrew Sisters
33%
Call Me Maybe Carly Rae Jepsen
33%
1980s Celebration Kool & The Gang
33%
Don't Stop Believing Journey
33%
Gangnam Style Psy
33%
2000s Hey Ya! Outkast
33%
Hips Don't Lie Shakira
33%
I Gotta Feeling Black Eyed Peas
33%
I Kissed A Girl Katy Perry
33%
I Want It That Way The Backstreet Boys
33%
I Want To Hold Your Hand The Beatles
33%
1910s Oh Danny Boy Frederic Edward Weatherly
33%
Respect Aretha Franklin
33%
Say My Name Destiny’s Child
33%
Single Ladies Beyoncé
33%
Somebody That I Used To Know Gotye
33%
1960s Stand By Me Ben E King
33%
1990s U Can't Touch This MC Hammer
33%
We Found Love Rihanna
33%
Bad Romance Lady Gaga
0%
Crazy Gnarls Barkley
0%
La Bamba Ritchie Valens
0%
1930s Minnie the Moocher Cab Calloway
0%
1920s Ol' Man River Jerome Kern & Oscar Hammerstein II
0%
Some Nights Fun.
0%
No matching quizzes found
Score Distribution
Percent of People with Each Score
Percentile by Number Answered
Your Score History
You have not taken this quiz